000 00629nam a2200217 a 4500
005 20140310183440.0
008 080423s19uu xx 00 eng d
020 _a0748768378
050 _aHV 888
_b.D243 2002
100 _aDare, Angela
245 _aGood practice in caring for young children with special needs /
_cAngela Dare
250 _a2nd ed.
260 _aUnited Kingdom :
_bNelson Thornes,
_c2002.
300 _a410 p. :
_bill. ;
_c25 cm.
521 _aEDU
650 _aChildren with disabilities.
650 _aSpecial education.
700 _aO'Donovan, Margaret
942 _cBK
_2lcc
_kFOR
999 _c23074
_d23074